| 000 | 01155 a2200193 4500 | ||
|---|---|---|---|
| 003 | Nust | ||
| 005 | 20221229120925.0 | ||
| 020 | _a978-0-07-068179-8 | ||
| 040 | _cNust | ||
| 082 | _a621.81,BHA | ||
| 100 |
_aV B Bhandari _9106340 |
||
| 245 |
_aDesign of machine elements / _cV B Bhandari |
||
| 250 | _a3rd ed | ||
| 260 |
_aNew Delhi _bTata McGraw Hill Education Pvt Ltd _c2011 |
||
| 300 | _axxv,934,p; | ||
| 505 | _aIntroduction (Page-1), Engineering Materials (Page-20), Manufacturing Considerations in Design (Page-55), Design Against Static Load (Page-76), Design Against Fluctuating Load (Page-141), Power Screws (Page-184), Threaded Joints (Page-219), Welded and Riveted Joints (Page-272), Shafts, Keys and Couplings (Page-330), Springs (Page-393), Friction Clutches (Page-448), Brakes (Page-872), Belt Drives (Page-499), Chain Drives (Page-544), Rolling Contact Bearings (Page-564), Sliding Contact Bearings (Page-601), Spur Gears (Page-646), Helical Gears (Page-694), Bevel Gears (Page-711), Worm Gears (Page-730), Flywheel (Page-749), Cylinders and Pressure Vessels (Page-768). | ||
| 650 | _aTelecommunication Engineering | ||
| 942 |
_2ddc _cBK |
||
| 999 |
_c189558 _d189558 |
||